مكتبة جامعة عجلون الوطنية

فهرس بحث المكتبة

الدور المعدل للتسويق الإلكتروني على العلاقة بين حاضنات الأعمال والتنمية المستدامة في اقليم الشمال - الاردن = The Moderating Role of Electronic Marketing on the Relationship Between Business incubators and Sustainable Development at Northern Region - jordan / (Record no. 33645)

MARC details
000 -LEADER
fixed length control field 01148nam a22001937a 4500
003 - CONTROL NUMBER IDENTIFIER
control field JO-AjAnu
005 - DATE AND TIME OF LATEST TRANSACTION
control field 20240908121137.0
008 - FIXED-LENGTH DATA ELEMENTS--GENERAL INFORMATION
fixed length control field 240908b jo ||||| |||| 00| 0 ara d
040 ## - CATALOGING SOURCE
Original cataloging agency JO-AjAnu
Transcribing agency JO-AjAnu
041 ## - LANGUAGE CODE
Language code of text/sound track or separate title ara
100 #1 - MAIN ENTRY--PERSONAL NAME
Personal name الغاوي، عدنان عزت
9 (RLIN) 66145
Relator term معد
245 21 - TITLE STATEMENT
Title الدور المعدل للتسويق الإلكتروني على العلاقة بين حاضنات الأعمال والتنمية المستدامة في اقليم الشمال - الاردن = The Moderating Role of Electronic Marketing on the Relationship Between Business incubators and Sustainable Development at Northern Region - jordan /
Statement of responsibility, etc. اعداد عدنان عزت الغاوي ؛ إشراف هشام علي شطناوي
260 ## - PUBLICATION, DISTRIBUTION, ETC.
Date of publication, distribution, etc. 2024
300 ## - PHYSICAL DESCRIPTION
Extent 125ورقة
500 ## - GENERAL NOTE
General note رسالة جامعية (ماجستير) .- جامعة عجلون الوطنية (عجلون، الأردن)، كلية العلوم التربوية قسم تخصص صعوبات التعلم، 2024
650 70 - SUBJECT ADDED ENTRY--TOPICAL TERM
Topical term or geographic name entry element التسويق الالكتروني
9 (RLIN) 29299
700 #1 - ADDED ENTRY--PERSONAL NAME
Personal name شطناوي،هشام علي
9 (RLIN) 64865
Relator term مشرف
942 ## - ADDED ENTRY ELEMENTS (KOHA)
Source of classification or shelving scheme Library of Congress Classification
Koha item type Thesis
Suppress in OPAC No
Holdings
Withdrawn status Lost status Source of classification or shelving scheme Damaged status Not for loan Home library Current library Date acquired Total Checkouts Full call number Barcode Date last seen Price effective from Koha item type
    Library of Congress Classification     مكتبة جامعة عجلون الوطنية مكتبة جامعة عجلون الوطنية 08/09/2024   HF5415 2024 A30006 08/09/2024 08/09/2024 Thesis
    Library of Congress Classification     مكتبة جامعة عجلون الوطنية مكتبة جامعة عجلون الوطنية 08/09/2024   HF5415 2024 A30007 08/09/2024 08/09/2024 Thesis